<?xml version="1.0" encoding="UTF-8"?>
<record
    xmlns:xsi="http://www.w3.org/2001/XMLSchema-instance"
    xsi:schemaLocation="http://www.loc.gov/MARC21/slim http://www.loc.gov/standards/marcxml/schema/MARC21slim.xsd"
    xmlns="http://www.loc.gov/MARC21/slim">

  <leader>03081nam a22002657a 4500</leader>
  <controlfield tag="005">20260305152212.0</controlfield>
  <controlfield tag="008">260219b        |||||||| |||| 00| 0 eng d</controlfield>
  <datafield tag="020" ind1=" " ind2=" ">
    <subfield code="a">9789354642289</subfield>
  </datafield>
  <datafield tag="040" ind1=" " ind2=" ">
    <subfield code="c">AIMIT LIBRARY</subfield>
  </datafield>
  <datafield tag="082" ind1=" " ind2=" ">
    <subfield code="2">6</subfield>
    <subfield code="a">338.04</subfield>
    <subfield code="b">KAPJ</subfield>
  </datafield>
  <datafield tag="100" ind1=" " ind2=" ">
    <subfield code="a">Kaplan, Jack M.</subfield>
    <subfield code="9">255792</subfield>
  </datafield>
  <datafield tag="245" ind1=" " ind2=" ">
    <subfield code="a">Patterns of entrepreneurship management /</subfield>
    <subfield code="c">By Jack M. Kaplan and Jack. Mcgourty.</subfield>
  </datafield>
  <datafield tag="250" ind1=" " ind2=" ">
    <subfield code="a">6th ed.</subfield>
  </datafield>
  <datafield tag="260" ind1=" " ind2=" ">
    <subfield code="a">New Delhi :</subfield>
    <subfield code="b">Wiley India Pvt Ltd ,</subfield>
    <subfield code="c">2025.</subfield>
  </datafield>
  <datafield tag="300" ind1=" " ind2=" ">
    <subfield code="a">xxxiii,376,G12,I9 p.;</subfield>
    <subfield code="b">PB</subfield>
    <subfield code="c">25.5 cm.</subfield>
  </datafield>
  <datafield tag="500" ind1=" " ind2=" ">
    <subfield code="a">Patterns of Entrepreneurship Management, 6th Edition, is the essential roadmap for anyone interested in starting a new venture whether for-profit or social enterprise. Using its innovative &#x201C;roadmap&#x201D; approach, this practical guide enables students and aspiring entrepreneurs to design, execute, and maintain their business plan&#x2014;covering every essential step of the entrepreneurial process, from turning an idea into a business model to securing funding and managing resources.</subfield>
  </datafield>
  <datafield tag="504" ind1=" " ind2=" ">
    <subfield code="a">Part 1 Getting Started as an Entrepreneur

1 Understanding the Entrepreneurial Process

Introduction
Profile: Wayne McVicker&#x2014;A Typical Entrepreneur
Profile: Narayana Murthy&#x2014;An Example of an Indian Entrepreneur
An Entrepreneurial Perspective
Commonly Shared Entrepreneurial Characteristics
Types of Entrepreneurs
The Need to Control
The Spider-Web Model
Finding Early Mentors
Managing Stress
The Five-Stage Entrepreneurial Process
The Growth of Entrepreneurial Companies
So Why Become an Entrepreneur?
Business Incubators
Developing Your Entrepreneurial Management Skills
2 Converting Ideas into Opportunities

Introduction
Profile: Becky Minard and Paal Gisholt&#x2014;Finding a Point of Pain
Why Innovation Is Important?
Definition and Types of Innovation
Frameworks for Learning Innovation Skills
Finding and Assessing Ideas and Opportunities
The Evaluation Process for the Idea
3 Framing and Testing the Business Model

Introduction
Profile: Alexander Osterwalder&#x2014;Inventor of Canvas Model
Definition of Business Models
The Business Model Canvas
Testing Assumptions and Value Proposition
Product-Market Fit
Minimum Viable Product Concept
Examples of Innovative Business Models
Licensing and Franchising
Models Built around Social Networks
Social Media and Entrepreneurship
Corporate Partnering
Business Platforms
4 Engaging Customers, Analyzing Competitors</subfield>
  </datafield>
  <datafield tag="505" ind1=" " ind2=" ">
    <subfield code="r">About the Author
Jack M. Kaplan is an adjunct professor of entrepreneurial studies at Columbia Business School. During his career, Kaplan started and managed three successful companies, concentrating on smart card technology, health-care information systems, and loyalty marketing programs. He was president of Datamark Technologies, Inc.</subfield>
  </datafield>
  <datafield tag="650" ind1=" " ind2=" ">
    <subfield code="a">Funding the venture</subfield>
    <subfield code="9">255793</subfield>
  </datafield>
  <datafield tag="650" ind1=" " ind2=" ">
    <subfield code="a">Managing performance communication and people</subfield>
    <subfield code="9">255794</subfield>
  </datafield>
  <datafield tag="650" ind1=" " ind2=" ">
    <subfield code="a">Social entrepreneurship and family business</subfield>
    <subfield code="9">255795</subfield>
  </datafield>
  <datafield tag="700" ind1=" " ind2=" ">
    <subfield code="a">McGourty, Jack.</subfield>
    <subfield code="9">255796</subfield>
  </datafield>
  <datafield tag="700" ind1=" " ind2=" ">
    <subfield code="a">Murthy, Venkatesha.</subfield>
    <subfield code="9">255797</subfield>
  </datafield>
  <datafield tag="942" ind1=" " ind2=" ">
    <subfield code="2">ddc</subfield>
    <subfield code="c">BK</subfield>
    <subfield code="e">6</subfield>
    <subfield code="k">338.04 KAPJ</subfield>
  </datafield>
  <datafield tag="999" ind1=" " ind2=" ">
    <subfield code="c">240921</subfield>
    <subfield code="d">240921</subfield>
  </datafield>
  <datafield tag="952" ind1=" " ind2=" ">
    <subfield code="0">0</subfield>
    <subfield code="1">0</subfield>
    <subfield code="2">ddc</subfield>
    <subfield code="4">0</subfield>
    <subfield code="7">0</subfield>
    <subfield code="8">MBA</subfield>
    <subfield code="a">AIMIT</subfield>
    <subfield code="b">AIMIT</subfield>
    <subfield code="c">EN</subfield>
    <subfield code="d">2026-02-12</subfield>
    <subfield code="e">SK Publishers &amp; Distributors</subfield>
    <subfield code="g">969.00</subfield>
    <subfield code="i">Bill no:SKP4043; Bill dt:2026/2/</subfield>
    <subfield code="l">0</subfield>
    <subfield code="o">338.04 KAPJ</subfield>
    <subfield code="p">MBA15273</subfield>
    <subfield code="r">2026-05-23 00:00:00</subfield>
    <subfield code="v">726.25</subfield>
    <subfield code="w">2026-02-19</subfield>
    <subfield code="y">BK</subfield>
  </datafield>
</record>
